Central Library OPAC University of Rajshahi

The inorganic chemistry of biological processes / (Record no. 10724)

MARC details
000 -LEADER
fixed length control field 00884nam a2200277 4500
001 - CONTROL NUMBER
control field 10724
003 - CONTROL NUMBER IDENTIFIER
rucl marc code BD-RjUL
005 - DATE AND TIME OF LATEST TRANSACTION
control field 20211208235015.0
008 - FIXED-LENGTH DATA ELEMENTS--GENERAL INFORMATION
fixed length control field 140125r19901981enka b 001 0 eng d
020 ## - INTERNATIONAL STANDARD BOOK NUMBER
International Standard Book Number 0471278165 :
International Standard Book Number 0471278157 (pbk.) :
035 ## - SYSTEM CONTROL NUMBER
System control number (BD-RjUL)10773
040 ## - CATALOGING SOURCE
Original cataloging agency DLC
Transcribing agency DLC
Modifying agency DLC
-- (BD-RjUL)
Language of cataloging eng
041 ## - LANGUAGE CODE
Language code of text/sound track or separate title eng
082 00 - DEWEY DECIMAL CLASSIFICATION NUMBER
Classification number 546
Author mark and year HUI 1990
Edition number 23
100 1# - MAIN ENTRY--PERSONAL NAME
Personal name Hughes, Martin N.
Fuller form of name (Martin Neville),
Dates associated with a name 1938-
9 (RLIN) 33175
245 14 - TITLE STATEMENT
Title The inorganic chemistry of biological processes /
Statement of responsibility, etc. M. N. Hughes.
250 ## - EDITION STATEMENT
Edition statement 2d ed.
260 ## - PUBLICATION, DISTRIBUTION, ETC. (IMPRINT)
Place of publication, distribution, etc. Chichester [Eng.] ;
-- New York :
Name of publisher, distributor, etc. J. Wiley,
Date of publication, distribution, etc. c1981. [reprent 1990]
300 ## - PHYSICAL DESCRIPTION
Pagination ix, 338 p. :
Illustrations ill. ;
Size 23 cm.
504 ## - BIBLIOGRAPHY, ETC. NOTE
Bibliography, etc Includes bibliographical references and index.
650 #0 - SUBJECT ADDED ENTRY--TOPICAL TERM
Topical term or geographic name as entry element Inorganic Chemistry
9 (RLIN) 218642
Topical term or geographic name as entry element Bioinorganic chemistry.
9 (RLIN) 33176
Topical term or geographic name as entry element Biochemistry.
9 (RLIN) 29589
942 ## - ADDED ENTRY ELEMENTS (KOHA)
Source of classification or shelving scheme Dewey Decimal Classification
Koha item type Books
Holdings
Lost status Source of classification or shelving scheme Damaged status Not for loan Collection code Permanent Location Current Location Shelving location Date acquired Source of acquisition Cost, normal purchase price Total Checkouts Full call number Date last seen Copy number Koha item type
  Dewey Decimal Classification     Non-fiction Central Library, University of Rajshahi Central Library, University of Rajshahi   14/08/1994 Aligarh Library 28.05   546 HUI 1990 25/01/2014 C-2 Books
  Dewey Decimal Classification   Not For Loan Non-fiction Central Library, University of Rajshahi Central Library, University of Rajshahi Reading Room 14/08/1994 Aligarh Library 28.05   546 HUI 1990 18/04/2017 C-1 Books